Nutrición en pediatría: (Registro nro. 1878)
[ vista simple ]
| 000 -CABECERA | |
|---|---|
| Campo de control interno | 01028nam a22002897a 4500 |
| 005 - FECHA Y HORA DE LA CATALOGACION | |
| Campo de control | 20260407172056.0 |
| 008 - ELEMENTOS DE LONGITUD FIJA - INFORMACION | |
| Elementos de Longitud Fija - Informaci | 260407t2021 ag ||||| |||| 00| 0 spa d |
| 020 ## - ISBN | |
| ISBN | 978-950-06-9652-4 |
| 040 ## - ORIGEN DE LA CATALOGACION | |
| Origen de la Catalogación | Iste |
| 041 ## - CODIGO DE LENGUAJE | |
| Código de lenguaje del texto | spa |
| 044 ## - CODIGO ISO DE PAIS | |
| Código ISO de País | ag |
| 082 ## - NUMERO DE CLASIFICACION CDU | |
| Clasificacion | 612.39:616-053.9 |
| Cutter | Se789 |
| 100 ## - AUTOR PERSONAL | |
| Autor Personal | Setton, Débora |
| Titulos u otras palabras asociadas al nombre | Autor |
| Rol del Autor | Autor |
| 9 (RLIN) | 9502 |
| 245 ## - TÍTULO GENERAL | |
| Título | Nutrición en pediatría: |
| Subtítulo | beses para la práctica clínica en niños sanos y enfermos |
| 250 ## - EDICION | |
| Edición | 2a. ed. |
| 260 ## - EDITORIAL | |
| Ciudad - País | Buenos Aires - Argentina |
| Nombre de la Editorial | Medica Panamericana |
| Fecha | 2021 |
| 300 ## - DESCRIPCION | |
| Número de páginas | 686 páginas, |
| Información descriptiva | gráficos, ilustraciones, tablas. |
| 650 ## - DESCRIPTORES - TEMAS | |
| Temas - Descriptores | EVALUACIÓN NUTRICIONAL |
| 9 (RLIN) | 9503 |
| 650 ## - DESCRIPTORES - TEMAS | |
| Temas - Descriptores | NUTRICION EN LAS DIFERENTES ETAPAS |
| 9 (RLIN) | 9504 |
| 650 ## - DESCRIPTORES - TEMAS | |
| Temas - Descriptores | NUTRICIÓN DEL NIÑO PRESCOLAR |
| 9 (RLIN) | 9505 |
| 650 ## - DESCRIPTORES - TEMAS | |
| Temas - Descriptores | NUTRICIÓN DEL ADOLECENTE |
| 9 (RLIN) | 9506 |
| 650 ## - DESCRIPTORES - TEMAS | |
| Temas - Descriptores | NUTRICIÓN DESDE EL NACIMIENTO HASTA LOS DOS AÑOS |
| 9 (RLIN) | 9507 |
| 653 ## - CATEGORIAS | |
| Categorías Secundarias | TECNOLOGÍA Y CIENCIAS MÉDICAS |
| 653 ## - CATEGORIAS | |
| Categorías Secundarias | NUTRICIÓN |
| 700 ## - COAUTOR PERSONAL | |
| Coautor Personal | Fernández, Adriana |
| Rol del autor | Autor |
| 9 (RLIN) | 9508 |
| 942 ## - ELEMENTOS DE KOHA | |
| Esquema de Clasificacion | Clasificación decimal universal |
| Tipo de Documento | Libros |
| Catalogador | Usuario Catalogador |
| Estatus retirado | Estado de pérdida | Fuente de Clasificacion | Estado de daño | No para préstamo | Carrera | Dependencia | Dependencia | Estado | Fecha de Adquisición | Vía de adquisición | Inventario | Total de préstamos | CDU | Código de barras | Visto por última vez | Numero de copia o ejemplar | Tipo de Item |
|---|---|---|---|---|---|---|---|---|---|---|---|---|---|---|---|---|---|
| Clasificación decimal universal | Enfermería | ISTE BG DRS | ISTE BG DRS | Disponible | 2026-04-07 | Donación | BLDS03630 | 612.39:616-053.9 Se789 | BG26040047 | 2026-04-07 | Ej. 1 | Libros | |||||
| Clasificación decimal universal | Enfermería | ISTE BG DRS | ISTE BG DRS | Disponible | 2026-04-07 | Donación | BLDS03600 | 612.39:616-053.9 Se789 | BG26040048 | 2026-04-07 | Ej. 2 | Libros |
